000 00305nam a2200121Ia 4500
005 20260328101513.0
008 260328s9999||||xx |||||||||||||| ||und||
100 _aFriedman, Yona
245 0 _aHacia una Arquitectura Científica /
_cYona Friedman
300 _a194 p.
650 _aARQUITECTURA
942 _cBK
999 _c9280
_d9280